000 00478nam a2200193Ia 4500
005 20250923144643.0
008 008 250917s9999 xx 000 0 eng d
037 _aTextual
040 _aDSWL
_beng
_cDSWL
041 _aeng
_2eng
084 _qDSWL
245 0 _aFamily planning manual
_cby Madras Government
260 _aMadras
_bSupt. Govt. Press
_c1956
300 _a40p.
365 _aINR
_b0.25
925 _g0.25
942 _cTEXL
999 _c1441655
_d1441655